[Event "63rd Bulgarian Team Championship"]
[Site "Sunny Beach"]
[Date "2013.09.20"]
[Round "2"]
[Board "5"]
[White "Popchev, Milko"]
[Black "Pantev, Veselin"]
[Result "0-1"]
[WhiteElo "2426"]
[BlackElo "2408"]
[PlyCount "194"]
[EventDate "2013.09.19"]
[EventType "team"]
[EventRounds "7"]
[EventCountry "BUL"]
[WhiteTeam "''Lokomotiv'', Plovdiv"]
[BlackTeam "''Maritsa-Iztok'', Radnevo"]

1. b3 d5 2. Bb2 Bf5 3. Nf3 Nf6 4. Bxf6 exf6 5. e3 Be7 6. d4 O-O 7. Bd3 Bg6 8.
O-O Nd7 9. c4 dxc4 10. bxc4 c6 11. Nc3 Bh5 12. Rb1 Qc7 13. c5 Rab8 14. Qc2 Bxf3
15. gxf3 g6 16. f4 f5 17. Rb3 Nf6 18. Rfb1 b6 19. cxb6 axb6 20. Be2 Qa7 21. Bf3
Rfc8 22. Ne2 c5 23. Qb2 Nd7 24. Rb5 Bf6 25. Qd2 Rd8 26. d5 Rbc8 27. Qc2 Qc7 28.
Qc4 Qd6 29. Ng3 Ra8 30. Nf1 Ra3 31. Nd2 Bc3 32. R5b3 Rxb3 33. Nxb3 Bb4 34. Nc1
Qf6 35. Nd3 Ba5 36. Qb5 Qc3 37. a4 Kg7 38. Rd1 h6 39. Qc6 c4 40. Nc1 Nc5 41.
Ne2 Qb3 42. Nd4 Qxa4 43. Rc1 c3 44. Qxa4 Nxa4 45. Nc6 Rd6 46. Kf1 Kf6 47. Ke2
Nc5 48. Bg2 g5 49. fxg5+ hxg5 50. Nd4 Rd8 51. Nc6 Rd6 52. Rc2 g4 53. Ra2 Ne4
54. Nxa5 bxa5 55. Bxe4 fxe4 56. Rxa5 Ke5 57. Rc5 Rh6 58. Rxc3 Rxh2 59. Kf1 Kxd5
60. Ra3 f5 61. Ra5+ Ke6 62. Kg1 Rh3 63. Ra6+ Ke5 64. Ra5+ Kf6 65. Ra6+ Kg5 66.
Kg2 Rf3 67. Ra8 Kf6 68. Ra6+ Ke5 69. Ra5+ Ke6 70. Ra3 g3 71. fxg3 Kf6 72. Rb3
Kg5 73. Kh3 Rf2 74. Ra3 Rd2 75. Ra1 Rd6 76. Rb1 Rd3 77. Re1 Ra3 78. Re2 Ra1 79.
Rb2 Rh1+ 80. Kg2 Re1 81. Kf2 Ra1 82. Kg2 Ra3 83. Kf2 Kg4 84. Rc2 Ra8 85. Kg2
Rd8 86. Kf2 Rh8 87. Kg2 Rh3 88. Rc8 Rxg3+ 89. Kf2 Rf3+ 90. Ke2 Kg5 91. Rg8+ Kf6
92. Rh8 Rg3 93. Rh2 Rg6 94. Rh7 Ke5 95. Rd7 Rd6 96. Rg7 Rd5 97. Rg3 Ra5 0-1

[Event "63rd Bulgarian Team Championship"]
[Site "Sunny Beach"]
[Date "2013.09.20"]
[Round "2"]
[Board "6"]
[White "Badev, Kiril"]
[Black "Lalev, Dimitar"]
[Result "1/2-1/2"]
[WhiteElo "2343"]
[BlackElo "2376"]
[PlyCount "91"]
[EventDate "2013.09.19"]
[EventType "team"]
[EventRounds "7"]
[EventCountry "BUL"]
[WhiteTeam "''Maritsa-Iztok'', Radnevo"]
[BlackTeam "''Lokomotiv'', Plovdiv"]

1. e4 c5 2. Nf3 e6 3. d4 cxd4 4. Nxd4 a6 5. Nc3 Ne7 6. Be3 Nec6 7. Nf3 d6 8.
Be2 b5 9. a4 b4 10. Na2 Nd7 11. Nd4 Bb7 12. O-O Nc5 13. Nxc6 Bxc6 14. Nxb4 Bxe4
15. Bf3 d5 16. c4 dxc4 17. Qxd8+ Rxd8 18. Bxe4 Nxe4 19. Nxa6 Rc8 20. a5 Bd6 21.
Ra4 Nf6 22. Rc1 Ke7 23. Nb4 Nd5 24. Nxd5+ exd5 25. Rd1 Ke6 26. a6 Bc5 27. Ra5
Bxe3 28. fxe3 Rhd8 29. a7 Ra8 30. Kf2 Rd7 31. Rda1 Rb7 32. R1a2 f5 33. h4 g6
34. Kf3 Ke5 35. Ra6 Rg7 36. Ra1 Rb7 37. R1a2 Rg7 38. Ke2 Rc7 39. R6a5 Ke4 40.
Ra6 Ke5 41. Kf3 Rg7 42. R6a5 Rb7 43. Ra6 Rg7 44. R2a3 Rb7 45. Ra2 Rg7 46. R2a3
1/2-1/2

[Event "63rd Bulgarian Team Championship"]
[Site "Sunny Beach"]
[Date "2013.09.21"]
[Round "3"]
[Board "1"]
[White "Shishkov, Minko"]
[Black "Drenchev, Petar"]
[Result "1/2-1/2"]
[WhiteElo "2278"]
[BlackElo "2488"]
[PlyCount "76"]
[EventDate "2013.09.19"]
[EventType "team"]
[EventRounds "7"]
[EventCountry "BUL"]
[WhiteTeam "''Maritsa-Iztok'', Radnevo"]
[BlackTeam "''Marek-Union Ivkoni'', Dupnitsa"]

1. c4 e5 2. Nc3 Nf6 3. Nf3 Nc6 4. a3 g6 5. d3 Bg7 6. g3 O-O 7. Bg2 d6 8. O-O a5
9. Rb1 h6 10. b4 axb4 11. axb4 Be6 12. b5 Ne7 13. e4 Nd7 14. Nd2 c6 15. Nb3 f5
16. exf5 gxf5 17. bxc6 bxc6 18. Bd2 d5 19. cxd5 cxd5 20. d4 e4 21. Ne2 Ng6 22.
Nf4 Nxf4 23. Bxf4 Ra6 24. Qe2 Rb6 25. Rfc1 Qe7 26. Qe3 Kh7 27. Na5 Ra8 28. Rxb6
Nxb6 29. Rc7 Nd7 30. Nc6 Qe8 31. Bh3 Qh5 32. Kg2 Qd1 33. Qd2 Qf3+ 34. Kg1 Ra1+
35. Bf1 Bf7 36. g4 Rxf1+ 37. Kxf1 Qh1+ 38. Ke2 Qf3+ 1/2-1/2

[Event "63rd Bulgarian Team Championship"]
[Site "Sunny Beach"]
[Date "2013.09.21"]
[Round "3"]
[Board "2"]
[White "Inkiov, Ventzislav"]
[Black "Marholev, Dimitar"]
[Result "1-0"]
[WhiteElo "2408"]
[BlackElo "2325"]
[PlyCount "73"]
[EventDate "2013.09.19"]
[EventType "team"]
[EventRounds "7"]
[EventCountry "BUL"]
[WhiteTeam "''Marek-Union Ivkoni'', Dupnitsa"]
[BlackTeam "''Maritsa-Iztok'', Radnevo"]

1. d4 g6 2. e4 Bg7 3. Nc3 d6 4. Be3 c6 5. Qd2 b5 6. h4 h5 7. f3 b4 8. Nce2 a5
9. O-O-O Qc7 10. Nf4 Ba6 11. Ngh3 Bxf1 12. Rhxf1 Nd7 13. Ng5 Qb7 14. g4 Ngf6
15. e5 dxe5 16. dxe5 Nxe5 17. Bd4 O-O-O 18. Qe2 Rxd4 19. Rxd4 Nd5 20. Nxd5 cxd5
21. gxh5 Rxh5 22. f4 Nc4 23. Rxc4+ dxc4 24. Qxc4+ Kb8 25. Rd1 Rxh4 26. Qxf7 Bd4
27. Rxd4 Rh1+ 28. Rd1 Rxd1+ 29. Kxd1 Qh1+ 30. Kd2 Qg2+ 31. Kd3 Qf1+ 32. Kd4
Qf2+ 33. Kc4 Qxc2+ 34. Kb5 Qd3+ 35. Qc4 Qf5+ 36. Kb6 Qf6+ 37. Ne6 1-0

[Event "63rd Bulgarian Team Championship"]
[Site "Sunny Beach"]
[Date "2013.09.21"]
[Round "3"]
[Board "3"]
[White "Kukov, Velislav"]
[Black "Milchev, Nikolay"]
[Result "1/2-1/2"]
[WhiteElo "2410"]
[BlackElo "2416"]
[PlyCount "62"]
[EventDate "2013.09.19"]
[EventType "team"]
[EventRounds "7"]
[EventCountry "BUL"]
[WhiteTeam "''Maritsa-Iztok'', Radnevo"]
[BlackTeam "''Marek-Union Ivkoni'', Dupnitsa"]

1. Nf3 d5 2. c4 c6 3. d4 Nf6 4. cxd5 cxd5 5. Nc3 Nc6 6. Bf4 Bf5 7. e3 e6 8. Bd3
Bxd3 9. Qxd3 Bd6 10. Bxd6 Qxd6 11. O-O O-O 12. Rfc1 Rac8 13. Qb5 Rc7 14. a3
Rfc8 15. Nd2 a6 16. Qa4 e5 17. dxe5 Nxe5 18. Qd4 Nc4 19. Nxc4 Rxc4 20. Qd3 d4
21. exd4 Qxd4 22. Qxd4 Rxd4 23. Rd1 Rcd8 24. Rxd4 Rxd4 25. Rd1 Rxd1+ 26. Nxd1
Kf8 27. f3 Ke7 28. Kf2 Nd5 29. Ne3 Nxe3 30. Kxe3 Kd6 31. Kd4 b5 1/2-1/2

[Event "63rd Bulgarian Team Championship"]
[Site "Sunny Beach"]
[Date "2013.09.21"]
[Round "3"]
[Board "4"]
[White "Nikolov, Sasho"]
[Black "Panbukchian, Valentin"]
[Result "1-0"]
[WhiteElo "2382"]
[BlackElo "2330"]
[PlyCount "95"]
[EventDate "2013.09.19"]
[EventType "team"]
[EventRounds "7"]
[EventCountry "BUL"]
[WhiteTeam "''Marek-Union Ivkoni'', Dupnitsa"]
[BlackTeam "''Maritsa-Iztok'', Radnevo"]

1. e4 e6 2. d4 d5 3. Nc3 Bb4 4. e5 Ne7 5. a3 Bxc3+ 6. bxc3 b6 7. Nf3 h6 8. a4
a5 9. Ba3 Nd7 10. Bb5 Ba6 11. O-O Bxb5 12. axb5 Nf8 13. Qd3 Nfg6 14. c4 Nf4 15.
Qd2 g5 16. Bxe7 Kxe7 17. c5 Qg8 18. g3 Nh3+ 19. Kg2 g4 20. Nh4 Ng5 21. Qf4 Ne4
22. c4 Qg5 23. cxd5 exd5 24. Rfc1 Rac8 25. Qf5 Qxf5 26. Nxf5+ Ke6 27. Ng7+ Ke7
28. Rc2 f6 29. exf6+ Nxf6 30. Rac1 Kd7 31. Nf5 h5 32. Ne3 Rhf8 33. h3 gxh3+ 34.
Kxh3 Ne4 35. Kg2 bxc5 36. dxc5 Ke6 37. Re1 Rb8 38. f3 Nf6 39. Nc4+ Kf7 40. Ne5+
Kg7 41. Rb1 Rb7 42. Nc6 Ra8 43. Nd4 a4 44. c6 Rba7 45. Ne6+ Kf7 46. Nxc7 Rg8
47. b6 Ra5 48. Nb5 1-0

[Event "63rd Bulgarian Team Championship"]
[Site "Sunny Beach"]
[Date "2013.09.21"]
[Round "3"]
[Board "5"]
[White "Pantev, Veselin"]
[Black "Mladenov, Plamen"]
[Result "1/2-1/2"]
[WhiteElo "2408"]
[BlackElo "2390"]
[PlyCount "96"]
[EventDate "2013.09.19"]
[EventType "team"]
[EventRounds "7"]
[EventCountry "BUL"]
[WhiteTeam "''Maritsa-Iztok'', Radnevo"]
[BlackTeam "''Marek-Union Ivkoni'', Dupnitsa"]

1. d4 Nf6 2. Nf3 g6 3. Bf4 Bg7 4. e3 d6 5. Be2 O-O 6. h3 Nbd7 7. O-O b6 8. c4
Bb7 9. Nc3 e6 10. Qc2 Qe7 11. Rad1 Nh5 12. Bh2 f5 13. b4 a5 14. a3 axb4 15.
axb4 Nhf6 16. Nb5 Rfc8 17. Nd2 Ne8 18. Bf3 Bxf3 19. Nxf3 c6 20. Nc3 d5 21. Qb3
Bf8 22. Rb1 Nd6 23. Bxd6 Qxd6 24. Nd2 Nf6 25. Rfc1 Kh8 26. Nf3 Nd7 27. Ne2 Bh6
28. b5 c5 29. dxc5 Nxc5 30. Qd1 Rd8 31. cxd5 Qxd5 32. Qxd5 Rxd5 33. Rd1 Rxd1+
34. Rxd1 Bf8 35. Ned4 Kg8 36. g4 Bg7 37. Kf1 h6 38. Nc6 Ne4 39. Nb4 Nc3 40. Rd7
fxg4 41. hxg4 Ra4 42. Nd3 Rxg4 43. Ke1 Nxb5 44. Rd8+ Kh7 45. Nf4 e5 46. Ne6 Bf6
47. Rd7+ Kg8 48. Rb7 e4 1/2-1/2

[Event "63rd Bulgarian Team Championship"]
[Site "Sunny Beach"]
[Date "2013.09.21"]
[Round "3"]
[Board "6"]
[White "Gochev, Mladen"]
[Black "Badev, Kiril"]
[Result "0-1"]
[WhiteElo "2258"]
[BlackElo "2343"]
[PlyCount "74"]
[EventDate "2013.09.19"]
[EventType "team"]
[EventRounds "7"]
[EventCountry "BUL"]
[WhiteTeam "''Marek-Union Ivkoni'', Dupnitsa"]
[BlackTeam "''Maritsa-Iztok'', Radnevo"]

1. e4 c5 2. Nf3 d6 3. d4 cxd4 4. Nxd4 Nf6 5. Nc3 a6 6. g3 e6 7. Bg2 Be7 8. O-O
Qc7 9. f4 Nc6 10. Nb3 Rb8 11. Be3 O-O 12. g4 h6 13. Bf3 b5 14. a3 b4 15. axb4
Nxb4 16. Nd4 Rd8 17. g5 hxg5 18. fxg5 Nh7 19. h4 d5 20. Bg2 Bc5 21. exd5 e5 22.
Rf2 Bxd4 23. Bxd4 exd4 24. Qxd4 Bf5 25. Raf1 Bg6 26. Qd1 Qg3 27. Rf4 Nxc2 28.
h5 Ne3 29. Qf3 Qxg2+ 30. Qxg2 Nxg2 31. hxg6 Nxf4 32. gxh7+ Kxh7 33. Rxf4 Rxb2
34. Rxf7 Rc8 35. Rf3 Rb3 36. d6 Rcxc3 37. d7 Rc1+ 0-1

[Event "63rd Bulgarian Team Championship"]
[Site "Sunny Beach"]
[Date "2013.09.21"]
[Round "3"]
[Board "1"]
[White "Delchev, Aleksander"]
[Black "Spasov, Vasil"]
[Result "1/2-1/2"]
[WhiteElo "2637"]
[BlackElo "2573"]
[PlyCount "97"]
[EventDate "2013.09.19"]
[EventType "team"]
[EventRounds "7"]
[EventCountry "BUL"]
[WhiteTeam "''Nayden Voynov'', Vidin"]
[BlackTeam "''Lokomotiv'', Plovdiv"]

1. e4 d5 2. exd5 Qxd5 3. Nc3 Qd8 4. d4 Nf6 5. Nf3 Bg4 6. h3 Bxf3 7. Qxf3 c6 8.
Be3 e6 9. O-O-O Nbd7 10. g4 Nd5 11. Nxd5 cxd5 12. h4 Bd6 13. g5 Qe7 14. Bf4
Bxf4+ 15. Qxf4 Rc8 16. Bd3 Nb6 17. h5 O-O 18. Rde1 Rc6 19. Qf5 g6 20. Qe5 Qc7
21. hxg6 fxg6 22. Bxg6 Rxf2 23. Qxc7 Rxc7 24. Bd3 Rf3 25. Kb1 Re7 26. Rh6 Rg3
27. Reh1 Rxg5 28. Bxh7+ Kf8 29. Bd3 Ke8 30. a4 Kd7 31. Rh8 Kc7 32. b3 a5 33.
R1h7 Rgg7 34. Rxg7 Rxg7 35. Re8 Kd6 36. Bb5 Re7 37. Rd8+ Kc7 38. Rg8 Nc8 39.
Kb2 e5 40. dxe5 Rxe5 41. Kc3 Re4 42. Rg7+ Re7 43. Rg5 Kd6 44. Rg8 Nb6 45. Kd4
Re4+ 46. Kd3 Re7 47. c3 Re6 48. Rg7 Re7 49. Rg4 1/2-1/2

[Event "63rd Bulgarian Team Championship"]
[Site "Sunny Beach"]
[Date "2013.09.21"]
[Round "3"]
[Board "2"]
[White "Djukic, Nikola"]
[Black "Nabaty, Tamir"]
[Result "1/2-1/2"]
[WhiteElo "2551"]
[BlackElo "2575"]
[PlyCount "99"]
[EventDate "2013.09.19"]
[EventType "team"]
[EventRounds "7"]
[EventCountry "BUL"]
[WhiteTeam "''Lokomotiv'', Plovdiv"]
[BlackTeam "''Nayden Voynov'', Vidin"]

1. e4 e5 2. Nf3 Nc6 3. Bb5 Nf6 4. O-O Nxe4 5. d4 Nd6 6. Bxc6 dxc6 7. dxe5 Nf5
8. Qxd8+ Kxd8 9. h3 Bd7 10. Rd1 Kc8 11. Nc3 h6 12. Bf4 b6 13. Rd3 Be6 14. g4
Ne7 15. Nd4 Bc4 16. Rd2 Kb7 17. Bg3 Ng6 18. a3 Re8 19. f4 h5 20. b3 Ba6 21. Nf5
hxg4 22. hxg4 f6 23. exf6 gxf6 24. Kf2 Kb8 25. Ne2 Bc8 26. Ned4 Bc5 27. b4
Bxd4+ 28. Nxd4 Bxg4 29. Nxc6+ Kb7 30. b5 Ne7 31. Nxe7 Rxe7 32. Re1 Rxe1 33.
Kxe1 Rh5 34. a4 Rh1+ 35. Kf2 Ra1 36. Rd4 Ra2 37. Rc4 Bd1 38. f5 Rxc2+ 39. Rxc2
Bxc2 40. a5 Bd3 41. Bh4 Bxb5 42. Ke3 c5 43. axb6 axb6 44. Bxf6 Be8 45. Kd2 b5
46. Kc2 b4 47. Bh4 Kc6 48. Bf2 Kb5 49. Kb2 c4 50. Be1 1/2-1/2

[Event "63rd Bulgarian Team Championship"]
[Site "Sunny Beach"]
[Date "2013.09.21"]
[Round "3"]
[Board "4"]
[White "Yanev, Tihomir"]
[Black "Simeonov, Stefan"]
[Result "1-0"]
[WhiteElo "2424"]
[BlackElo "2387"]
[PlyCount "99"]
[EventDate "2013.09.19"]
[EventType "team"]
[EventRounds "7"]
[EventCountry "BUL"]
[WhiteTeam "''Lokomotiv'', Plovdiv"]
[BlackTeam "''Nayden Voynov'', Vidin"]

1. d4 Nf6 2. c4 e6 3. Nc3 c5 4. d5 exd5 5. cxd5 d6 6. Nf3 g6 7. Bf4 a6 8. a4
Bg7 9. e3 O-O 10. Be2 Bg4 11. h3 Bxf3 12. Bxf3 Qe7 13. O-O Nbd7 14. Rb1 c4 15.
b3 Rac8 16. a5 Nh5 17. Bxh5 Bxc3 18. Be2 cxb3 19. Rxb3 Rc7 20. Qb1 Ne5 21. Qa2
Rfc8 22. Rfb1 f5 23. Rb6 Nf7 24. Bf1 g5 25. Bg3 Be5 26. Bxe5 Qxe5 27. Rxb7 Rxb7
28. Rxb7 Rc1 29. Rb1 Qc3 30. Rxc1 Qxc1 31. Qc4 Qe1 32. Qxa6 Kg7 33. Qb5 Ne5 34.
a6 g4 35. a7 gxh3 36. Qb2 hxg2 37. Kxg2 Qd1 38. Qxe5+ dxe5 39. a8=Q Qg4+ 40.
Kh2 Qh4+ 41. Kg1 Qg4+ 42. Bg2 Qd1+ 43. Kh2 Qh5+ 44. Bh3 Qf3 45. Qb7+ Kh6 46.
Qc6+ Kg5 47. Qc2 e4 48. d6 Kh4 49. Bg2 Qh5 50. d7 1-0

[Event "63rd Bulgarian Team Championship"]
[Site "Sunny Beach"]
[Date "2013.09.21"]
[Round "3"]
[Board "5"]
[White "Velchev, Hristo"]
[Black "Lalev, Dimitar"]
[Result "1/2-1/2"]
[WhiteElo "2309"]
[BlackElo "2376"]
[PlyCount "61"]
[EventDate "2013.09.19"]
[EventType "team"]
[EventRounds "7"]
[EventCountry "BUL"]
[WhiteTeam "''Nayden Voynov'', Vidin"]
[BlackTeam "''Lokomotiv'', Plovdiv"]

1. e4 e6 2. Nf3 d5 3. Nc3 Nf6 4. e5 Nfd7 5. d4 c5 6. dxc5 Nc6 7. Bf4 Nxc5 8.
Bd3 d4 9. Ne2 Nxd3+ 10. Qxd3 Nb4 11. Qe4 d3 12. Ned4 Qd5 13. Qxd5 Nxd5 14. Bd2
dxc2 15. Nxc2 Bd7 16. O-O Bc5 17. Rfc1 Rc8 18. Ng5 O-O 19. Ne4 Be7 20. Nd4 h6
21. a3 Rfd8 22. Rxc8 Rxc8 23. Rc1 Rxc1+ 24. Bxc1 Kf8 25. Kf1 Ke8 26. Ke2 Kd8
27. Kd3 Kc7 28. Bd2 a6 29. Ba5+ b6 30. Bd2 Bc8 31. Nc3 1/2-1/2

[Event "63rd Bulgarian Team Championship"]
[Site "Sunny Beach"]
[Date "2013.09.21"]
[Round "3"]
[Board "6"]
[White "Popov, Luben"]
[Black "Stefanov, Evtim"]
[Result "1/2-1/2"]
[WhiteElo "2313"]
[BlackElo "2007"]
[PlyCount "60"]
[EventDate "2013.09.19"]
[EventType "team"]
[EventRounds "7"]
[EventCountry "BUL"]
[WhiteTeam "''Lokomotiv'', Plovdiv"]
[BlackTeam "''Nayden Voynov'', Vidin"]

1. d4 d5 2. c4 dxc4 3. Nf3 Nf6 4. Qa4+ Nbd7 5. Nc3 a6 6. Qxc4 b5 7. Qb3 e6 8.
Bg5 Be7 9. Rd1 Bb7 10. e3 O-O 11. Be2 Nd5 12. Bxe7 Qxe7 13. O-O c5 14. dxc5
Nxc5 15. Nxd5 Bxd5 16. Qa3 Rfc8 17. Rc1 Qf8 18. b3 Ne4 19. Qb2 Rxc1 20. Rxc1
Rc8 21. Nd4 Rxc1+ 22. Qxc1 Qc5 23. Qxc5 Nxc5 24. f3 e5 25. Nc2 Bb7 26. Kf1 Kf8
27. Ke1 Ke7 28. Kd2 Kd6 29. Kc3 Bc6 30. Kd2 Bb7 1/2-1/2

[Event "63rd Bulgarian Team Championship"]
[Site "Sunny Beach"]
[Date "2013.09.21"]
[Round "3"]
[Board "1"]
[White "Ninov, Nikolai"]
[Black "Rusev, Krasimir"]
[Result "1/2-1/2"]
[WhiteElo "2463"]
[BlackElo "2561"]
[PlyCount "61"]
[EventDate "2013.09.19"]
[EventType "team"]
[EventRounds "7"]
[EventCountry "BUL"]
[WhiteTeam "''Lokomotiv'', Sofia"]
[BlackTeam "''Abritus'', Razgrad"]

1. e4 e5 2. Nf3 Nc6 3. Bb5 Nf6 4. O-O Nxe4 5. d4 Nd6 6. dxe5 Nxb5 7. a4 Nbd4 8.
Nxd4 Nxd4 9. Qxd4 d5 10. exd6 Qxd6 11. Qe4+ Qe6 12. Qd4 Qd6 13. Qe4+ Qe6 14.
Qd4 Qb6 15. Qxb6 axb6 16. Bf4 c6 17. Nc3 Be6 18. Ne4 f6 19. Rfe1 Kf7 20. Nd6+
Bxd6 21. Bxd6 Rhd8 22. Bc7 Rd2 23. Bxb6 Rxc2 24. b4 Bc4 25. a5 Re8 26. Rxe8
Kxe8 27. Re1+ Re2 28. Rxe2+ Bxe2 29. f3 Kf7 30. Kf2 Bc4 31. h4 1/2-1/2

[Event "63rd Bulgarian Team Championship"]
[Site "Sunny Beach"]
[Date "2013.09.21"]
[Round "3"]
[Board "2"]
[White "Georgiev, Vladimir"]
[Black "Genov, Petar"]
[Result "1-0"]
[WhiteElo "2549"]
[BlackElo "2455"]
[PlyCount "59"]
[EventDate "2013.09.19"]
[EventType "team"]
[EventRounds "7"]
[EventCountry "BUL"]
[WhiteTeam "''Abritus'', Razgrad"]
[BlackTeam "''Lokomotiv'', Sofia"]

1. c4 Nf6 2. Nc3 d5 3. d4 e6 4. Bf4 dxc4 5. e3 a6 6. Bxc4 c5 7. Nf3 Nc6 8. O-O
b5 9. Bb3 Bb7 10. d5 exd5 11. Nxd5 Rc8 12. e4 Be7 13. Qe2 c4 14. Rad1 Qa5 15.
Bd2 Qd8 16. Bc3 Nd7 17. Bc2 O-O 18. e5 Qe8 19. Bf5 Nc5 20. Bxc8 Qxc8 21. Bb4
Re8 22. Nxe7+ Nxe7 23. Bxc5 Qxc5 24. e6 f6 25. Rd7 Bc6 26. Rfd1 Nd5 27. Nd4 Nf4
28. Qg4 Bxd7 29. exd7 Rd8 30. Ne6 1-0

[Event "63rd Bulgarian Team Championship"]
[Site "Sunny Beach"]
[Date "2013.09.21"]
[Round "3"]
[Board "3"]
[White "Georgiev, Krum"]
[Black "Chatalbashev, Boris"]
[Result "1/2-1/2"]
[WhiteElo "2448"]
[BlackElo "2537"]
[PlyCount "51"]
[EventDate "2013.09.19"]
[EventType "team"]
[EventRounds "7"]
[EventCountry "BUL"]
[WhiteTeam "''Lokomotiv'', Sofia"]
[BlackTeam "''Abritus'', Razgrad"]

1. e4 c5 2. Nf3 Nc6 3. Bb5 g6 4. O-O Bg7 5. c3 Nf6 6. Re1 O-O 7. h3 e5 8. d3 d6
9. a3 Qc7 10. b4 a6 11. Bc4 b5 12. Ba2 Bb7 13. Be3 Qe7 14. Nbd2 a5 15. bxc5
dxc5 16. Bd5 Nxd5 17. exd5 Nb8 18. c4 Nd7 19. a4 b4 20. Ra2 f5 21. Nb3 h6 22.
Qc1 Kh7 23. Rae2 Qd6 24. Qb1 Rfe8 25. Bc1 Re7 26. Qa2 1/2-1/2

[Event "63rd Bulgarian Team Championship"]
[Site "Sunny Beach"]
[Date "2013.09.21"]
[Round "3"]
[Board "4"]
[White "Nikolov, Momchil"]
[Black "Ivanov, Jordan"]
[Result "1-0"]
[WhiteElo "2539"]
[BlackElo "2385"]
[PlyCount "45"]
[EventDate "2013.09.19"]
[EventType "team"]
[EventRounds "7"]
[EventCountry "BUL"]
[WhiteTeam "''Abritus'', Razgrad"]
[BlackTeam "''Lokomotiv'', Sofia"]

1. d4 Nf6 2. c4 d6 3. Nc3 e5 4. Nf3 Nbd7 5. e4 g6 6. Be2 Bg7 7. O-O O-O 8. Re1
c6 9. Bf1 a5 10. b3 exd4 11. Nxd4 Ng4 12. Qxg4 Bxd4 13. Bb2 Ne5 14. Qe2 f5 15.
Rad1 Ba7 16. Nb5 cxb5 17. Bxe5 fxe4 18. Bd4 Bxd4 19. Rxd4 Qf6 20. Qd2 Bf5 21.
Rxd6 Rad8 22. Qd5+ Kh8 23. Rxf6 1-0

[Event "63rd Bulgarian Team Championship"]
[Site "Sunny Beach"]
[Date "2013.09.21"]
[Round "3"]
[Board "5"]
[White "Serafimov, Tervel"]
[Black "Bojkov, Dejan"]
[Result "1/2-1/2"]
[WhiteElo "2433"]
[BlackElo "2505"]
[PlyCount "61"]
[EventDate "2013.09.19"]
[EventType "team"]
[EventRounds "7"]
[EventCountry "BUL"]
[WhiteTeam "''Lokomotiv'', Sofia"]
[BlackTeam "''Abritus'', Razgrad"]

1. g3 e5 2. c4 Nf6 3. Bg2 c6 4. d4 exd4 5. Qxd4 Na6 6. Nf3 d5 7. O-O Be7 8.
cxd5 Qxd5 9. Nc3 Qxd4 10. Nxd4 O-O 11. Bf4 Bd7 12. a3 Rfd8 13. Rfd1 Nc5 14. b4
Ne6 15. Nxe6 Bxe6 16. b5 Rxd1+ 17. Rxd1 Bxa3 18. bxc6 bxc6 19. Nb5 Bc5 20. Bxc6
Rc8 21. Bb7 Rf8 22. Ra1 Bc4 23. Bd6 Bxd6 24. Nxd6 Bxe2 25. Rxa7 Bg4 26. Ra8
Rxa8 27. Bxa8 Be6 28. Ne4 Nxe4 29. Bxe4 h6 30. Kf1 Kf8 31. Ke2 1/2-1/2

[Event "63rd Bulgarian Team Championship"]
[Site "Sunny Beach"]
[Date "2013.09.21"]
[Round "3"]
[Board "6"]
[White "Enchev, Ivajlo"]
[Black "Todorov, Ognjan"]
[Result "1/2-1/2"]
[WhiteElo "2445"]
[BlackElo "2252"]
[PlyCount "62"]
[EventDate "2013.09.19"]
[EventType "team"]
[EventRounds "7"]
[EventCountry "BUL"]
[WhiteTeam "''Abritus'', Razgrad"]
[BlackTeam "''Lokomotiv'', Sofia"]

1. d4 Nf6 2. c4 e6 3. Nc3 d5 4. cxd5 exd5 5. Bg5 Be7 6. e3 c6 7. Bd3 Nbd7 8.
Qc2 h6 9. Bh4 Nh5 10. Bxe7 Qxe7 11. O-O-O Nb6 12. h3 Be6 13. Nf3 O-O-O 14. Kb1
Kb8 15. Rc1 Rc8 16. Na4 Nxa4 17. Qxa4 Nf6 18. Rc5 Nd7 19. Rc3 Nb6 20. Qa5 Rc7
21. Ra3 Nc8 22. Rc1 f6 23. Nh4 Qd7 24. Ng6 Re8 25. g4 h5 26. f3 hxg4 27. hxg4
Bf7 28. Bf5 Be6 29. Bd3 Bf7 30. Bf5 Be6 31. Bd3 Bf7 1/2-1/2

[Event "63rd Bulgarian Team Championship"]
[Site "Sunny Beach"]
[Date "2013.09.21"]
[Round "3"]
[Board "1"]
[White "Grigorov, Grigor"]
[Black "Tonkov, Bojan"]
[Result "1/2-1/2"]
[WhiteElo "2490"]
[BlackElo "2323"]
[PlyCount "81"]
[EventDate "2013.09.19"]
[EventType "team"]
[EventRounds "7"]
[EventCountry "BUL"]
[WhiteTeam "''Lokomotiv 2000'', Plovdiv"]
[BlackTeam "''Energiya 21'', Dobrich"]

1. d4 Nf6 2. c4 g6 3. Nf3 Bg7 4. g3 O-O 5. Bg2 d6 6. Nc3 Nc6 7. O-O Bf5 8. d5
Na5 9. Nd4 Bd7 10. Qd3 c5 11. Nc2 a6 12. b3 Rb8 13. Rb1 b5 14. Bd2 Qc7 15. h3
Rb7 16. e4 bxc4 17. bxc4 Rfb8 18. Rxb7 Rxb7 19. Rb1 Rxb1+ 20. Nxb1 Qb6 21. Nba3
Ba4 22. Bc3 Nd7 23. Bxg7 Kxg7 24. Qc3+ f6 25. Bf1 Nb7 26. Ne1 Qb4 27. Qc1 Ne5
28. Be2 Na5 29. f4 Nf7 30. Nd3 Qb6 31. Qc3 Bd7 32. h4 Nh6 33. Kf2 Bg4 34. Qc2
Qc7 35. Bxg4 Nxg4+ 36. Ke2 e5 37. Qa4 h5 38. Nc2 Kf7 39. Ne3 Nxe3 40. Kxe3 Ke7
41. Kd2 1/2-1/2

[Event "63rd Bulgarian Team Championship"]
[Site "Sunny Beach"]
[Date "2013.09.21"]
[Round "3"]
[Board "2"]
[White "Velikov, Petar"]
[Black "Janev, Evgeni"]
[Result "1-0"]
[WhiteElo "2416"]
[BlackElo "2459"]
[PlyCount "60"]
[EventDate "2013.09.19"]
[EventType "team"]
[EventRounds "7"]
[EventCountry "BUL"]
[WhiteTeam "''Energiya 21'', Dobrich"]
[BlackTeam "''Lokomotiv 2000'', Plovdiv"]

1. c4 Nf6 2. Nc3 g6 3. g3 Bg7 4. Bg2 c5 5. e3 O-O 6. Nge2 Nc6 7. O-O d6 8. b3
Bf5 9. Bb2 Qc8 10. Nf4 g5 11. Nfd5 Nd7 12. Na4 Bxb2 13. Nxb2 e6 14. Nc3 Qd8 15.
d4 cxd4 16. exd4 Qf6 17. Nb5 Rad8 18. Na4 d5 19. cxd5 exd5 20. Nc7 Be6 21. Qd3
Nxd4 22. Rad1 Nc6 23. Nxd5 Bxd5 24. Bxd5 Nde5 25. Qe4 Rfe8 26. Nc5 Re7 27. Bxc6
Rxd1 28. Rxd1 Nxc6 29. Qd3 Re5 30. Ne4 Qe7 1-0

[Event "63rd Bulgarian Team Championship"]
[Site "Sunny Beach"]
[Date "2013.09.21"]
[Round "3"]
[Board "3"]
[White "Arnaudov, G. Petar"]
[Black "Manolov, Ivan"]
[Result "0-1"]
[WhiteElo "2487"]
[BlackElo "2197"]
[PlyCount "42"]
[EventDate "2013.09.19"]
[EventType "team"]
[EventRounds "7"]
[EventCountry "BUL"]
[WhiteTeam "''Lokomotiv 2000'', Plovdiv"]
[BlackTeam "''Energiya 21'', Dobrich"]

1. Nf3 Nf6 2. c4 d6 3. d4 c6 4. Nc3 Nbd7 5. Qc2 e5 6. Bg5 Be7 7. e3 Qc7 8. Bd3
h6 9. Bh4 a6 10. a3 b5 11. b3 Bb7 12. O-O O-O 13. Rac1 Qb8 14. Bf5 Re8 15. Bg3
Bf8 16. c5 exd4 17. exd4 Qd8 18. b4 d5 19. Bh4 Be7 20. Rfe1 Nf8 21. Ne5 Ne4 0-1

[Event "63rd Bulgarian Team Championship"]
[Site "Sunny Beach"]
[Date "2013.09.21"]
[Round "3"]
[Board "4"]
[White "Dobrev, Nayden"]
[Black "Kozhuharov, Spas"]
[Result "0-1"]
[WhiteElo "2311"]
[BlackElo "2453"]
[PlyCount "60"]
[EventDate "2013.09.19"]
[EventType "team"]
[EventRounds "7"]
[EventCountry "BUL"]
[WhiteTeam "''Energiya 21'', Dobrich"]
[BlackTeam "''Lokomotiv 2000'', Plovdiv"]

1. d4 d5 2. Nf3 Nf6 3. c4 c6 4. Nc3 e6 5. e3 Nbd7 6. Be2 Bd6 7. O-O O-O 8. Qc2
Qe7 9. e4 dxe4 10. Nxe4 Nxe4 11. Qxe4 e5 12. c5 exd4 13. Qxd4 Bxc5 14. Qc4 Ne5
15. Nxe5 Qxe5 16. Bf4 Qd4 17. Qc1 Bb6 18. a4 a5 19. Ra3 Bf5 20. Rg3 Rfe8 21.
Be3 Qd8 22. Bg5 Qc7 23. Bc4 Bd4 24. Rd1 Be5 25. f4 Qb6+ 26. Kh1 Bxb2 27. Qd2
Qb4 28. h4 Qxd2 29. Rxd2 Re1+ 30. Kh2 Bc1 0-1